Global Impact and Challenges of Unconventional Monetary Policies : Background Paper.

This paper provides case studies of 13 of the largest non-UMP countries. The case studies begin with an overview of recent macro-economic developments as well as capital flow patterns during the crisis up to the first U.S. tapering announcement in May 2013. Country experiences with capital inflows a...

Descrizione completa

Dettagli Bibliografici
Ente Autore: International Monetary Fund
Natura: Periodico
Lingua:English
Pubblicazione: Washington, D.C. : International Monetary Fund, 2013.
Serie:Policy Papers; Policy Paper ; No. 2013/013
Accesso online:Full text available on IMF
LEADER 01793cas a2200241 a 4500
001 AALejournalIMF020374
008 230101c9999 xx r poo 0 0eng d
020 |c 5.00 USD 
020 |z 9781498341349 
022 |a 2663-3493 
040 |a BD-DhAAL  |c BD-DhAAL 
110 2 |a International Monetary Fund. 
245 1 0 |a Global Impact and Challenges of Unconventional Monetary Policies :   |b Background Paper. 
264 1 |a Washington, D.C. :  |b International Monetary Fund,  |c 2013. 
300 |a 1 online resource (58 pages) 
490 1 |a Policy Papers 
500 |a <strong>Off-Campus Access:</strong> No User ID or Password Required 
500 |a <strong>On-Campus Access:</strong> No User ID or Password Required 
506 |a Electronic access restricted to authorized BRAC University faculty, staff and students 
520 3 |a This paper provides case studies of 13 of the largest non-UMP countries. The case studies begin with an overview of recent macro-economic developments as well as capital flow patterns during the crisis up to the first U.S. tapering announcement in May 2013. Country experiences with capital inflows are judged along five dimensions: (i) the size of capital inflows, (ii) policies used to manage inflows, (iii) external stability, measured by exchange rate overvaluation and current account deficits relative to fundamentals,2 (iv) asset price and credit market reactions, and (v) financial sector stability. Case studies mostly draw on published IMF Staff Reports for each country, as well as the 2013 Pilot External Stability Report (IMF 2013d). 
538 |a Mode of access: Internet 
830 0 |a Policy Papers; Policy Paper ;  |v No. 2013/013 
856 4 0 |z Full text available on IMF  |u http://elibrary.imf.org/view/journals/007/2013/013/007.2013.issue-013-en.xml  |z IMF e-Library